| 000 | 00357 a2200169 4500 | ||
|---|---|---|---|
| 001 | 189417 | ||
| 020 | _a85-16-04606-0 | ||
| 040 | _cMagnum | ||
| 100 | _aPougy, Eliana | ||
| 240 | 1 | 0 |
_aPara olhar e olhar de novo _lpor |
| 245 | 1 | 0 | _aPara olhar e olhar de novo |
| 300 | _a56 | ||
| 362 | 0 | _a2005 | |
| 440 | 1 | _aModerna | |
| 697 | _aDESENHO | ||
| 942 | _cBK | ||
| 999 |
_c189417 _d189417 |
||